Normal view MARC view

Entry Personal Name

Number of records used in: 1

001 - CONTROL NUMBER

  • control field: 9686

003 - CONTROL NUMBER IDENTIFIER

  • control field: DLC

005 - DATE AND TIME OF LATEST TRANSACTION

  • control field: 20231006141102.0

008 - FIXED-LENGTH DATA ELEMENTS

  • fixed length control field: 131219n| azannaabn |n aaa

010 ## - LIBRARY OF CONGRESS CONTROL NUMBER

  • LC control number: n 2013074756

035 ## - SYSTEM CONTROL NUMBER

  • System control number: (OCoLC)oca09643090

040 ## - CATALOGING SOURCE

  • Original cataloging agency: DLC
  • Language of cataloging: eng
  • Description conventions: rda
  • Transcribing agency: DLC
  • Modifying agency: DLC
  • Modifying agency: OkU
  • Modifying agency: DLC

046 ## - SPECIAL CODED DATES

  • Birth date: 1969
  • Source of date scheme: edtf

100 1# - HEADING--PERSONAL NAME

  • Personal name: Rangarajan, Swarnalatha,
  • Dates associated with a name: 1969-

373 ## - ASSOCIATED GROUP

  • Associated group: Indian Institute of Technology (Chennai, India). Department of Humanities and Social Sciences
  • Source of term: naf

375 ## - GENDER

  • Gender: Females
  • Source of term: lcdgt

377 ## - ASSOCIATED LANGUAGE

  • Language code: eng

670 ## - SOURCE DATA FOUND

  • Source citation: Ecoambiguity, Community, and Development Toward a Politicized Ecocriticism, 2014:
  • Information found: ECIP t.p. (R. Swarnalatha) data view (birth date: 1969 ; Swarnalatha Rangarajan is associate professor of English at the Department of Humanities and Social Sciences at the Indian Institute of Technology Madras. She was the founding editor of the Indian Journal of Ecocriticism) book t.p. (Swarnalatha Rangarajan)

670 ## - SOURCE DATA FOUND

  • Source citation: E-mail from author, May 29, 2014:
  • Information found: (surname is Rangarajan)

Powered by Koha